Atenas, una democracia. Desde su nacimiento a su muerte.
Bewaard in:
| Hoofdauteur: | |
|---|---|
| Andere auteurs: | , |
| Formaat: | Boek |
| Taal: | Spaans |
| Gepubliceerd in: |
Barcelona, España:
Aymá,
1961.
|
| Editie: | Primera edición. |
| Onderwerpen: | |
| Tags: |
Voeg label toe
Geen labels, Wees de eerste die dit record labelt!
|
MARC
| LEADER | 00000nam a2200000 a 4500 | ||
|---|---|---|---|
| 001 | UCX5510 | ||
| 003 | CL-VaPUC | ||
| 005 | 20220822114323.0 | ||
| 008 | 921120e19610000SP |||||||||||||||||spa|d | ||
| 999 | |c 225736 |d 225734 | ||
| 040 | |c Pontificia Universidad Católica de Valparaíso | ||
| 082 | 0 | 4 | |a 938 COH 1961 |2 21 |
| 100 | 0 | |a Cohen, Robert |e autor |9 321787 | |
| 245 | 1 | 0 | |a Atenas, una democracia. |b Desde su nacimiento a su muerte. |
| 250 | |a Primera edición. | ||
| 260 | |a Barcelona, España: |b Aymá, |c 1961. | ||
| 300 | |a 215 páginas. | ||
| 500 | |a c.2 Donación Familia Prof. Alejandro Guzmán Brito. | ||
| 583 | |a last modification |c 19921120 00:00:00 |k Rodrigo Vera | ||
| 650 | 0 | |a Democracia |9 255256 | |
| 650 | 0 | |a Historia |9 255047 | |
| 650 | 0 | |a Arte griego |9 267884 | |
| 651 | 0 | |a Grecia |9 265314 | |
| 700 | |a Laín Entralgo, Pedro |9 587753 |e prólogo | ||
| 700 | |a Farran Y Mayoral, J. |e traducción del francés |9 865817 | ||
| 942 | |c BK |2 ddc |n 0 | ||
| 945 | |d 19921120 00:00:00 | ||
| 952 | |0 0 |1 0 |4 0 |6 938_000000000000000_COH_1961 |7 0 |8 A |9 223505 |a BIBHIS |b BIBHIS |d 2019-11-15 |i 2923378 |l 1 |o 938 COH 1961 |p 2923378 |r 2023-07-07 |s 2023-06-29 |w 2019-11-15 |y BK |k HIS | ||
| 952 | |0 0 |1 0 |2 ddc |4 0 |6 938_000000000000000_COH_1961 |7 1 |8 C_AGB |9 580548 |a BIBDER |b BIBDER |d 2022-01-14 |e Donación |i 5638682 |o 938 COH 1961 |p 5638682 |r 2023-01-25 |t 2 |w 2022-01-14 |y BK_US |k AGB | ||